000 00406nam a22001697a 4500
003 OSt
005 20260521123720.0
008 260521b |||||||| |||| 00| 0 eng d
020 _a9789365895544
082 _a005.8 SID
100 _aSINGH,Nishant
245 _aDevops Security and Automation
250 _a1st Ed
260 _aNew Delhi
_bBPB Publications
_c2026
300 _a396p.
942 _2ddc
_cREF
999 _c13988
_d13988